Konsolidácia z nadhľadu

Konsolidácia verejných financií v SR. Konsolidačné opatrenia.

Gespeichert in:
Bibliographische Detailangaben
1. Verfasser: Morvay, Karol, 1973-
Format: Buchkapitel
Sprache:Slowakisch
Schlagworte:
Tags: Tag hinzufügen
Keine Tags, Fügen Sie das erste Tag hinzu!

MARC

LEADER 00000naa a2200000 4500
001 0306979
005 20250828101346.7
041 0 |a slo 
044 |a SK 
245 1 0 |a Konsolidácia z nadhľadu  |c Karol Morvay 
520 |a Konsolidácia verejných financií v SR. Konsolidačné opatrenia. 
610 2 0 |a konsolidácia 
610 2 0 |a financie verejné 
610 2 0 |a ekonomika 
610 2 0 |a zadlženosť 
610 2 0 |a dlhy verejné 
610 2 0 |a produkt domáci hrubý 
610 2 0 |a Slovensko 
100 1 |a Morvay, Karol, 1973-